Catalog

Record Details

Catalog Search



Window on the bay : a novel  Cover Image Large Print Book Large Print Book

Window on the bay : a novel / Debbie Macomber.

Macomber, Debbie,: (author.).

Summary:

Jenna Boltz's life is at a crossroads. After a messy divorce nearly twenty years ago, she raised her two children on her own, juggling motherhood with her beloved job as a Seattle intensive care nurse. Now that Paul and Allie have gone to college and moved out, Jenna can't help but wonder what her future holds. Her best friend, Maureen, is excited for Jenna's newfound independence. Now is the perfect time to finally book the trip to Paris they've been dreaming of since their college days. But when it comes to life's other great adventure--dating--Jenna still isn't sure she's ready to let love in ... until an unexpected encounter begins to change her mind. When Jenna's elderly mother breaks her hip, Dr. Rowan Lancaster saves the day. Despite his silent, stoic exterior, Rowan is immediately smitten with Jenna. And even though Jenna is hesitant about becoming involved with another surgeon, she has to admit that she's more than a little intrigued. But when Jenna's children approach her with shocking news, she realizes that she needs to have faith in love and embrace the unexpected--before the life she has always dreamed of passes her by.

Record details

  • ISBN: 9781984890658
  • ISBN: 1984890654
  • ISBN: 9781643853437
  • ISBN: 1643853430
  • Physical Description: 402 pages (large print) ; 24 cm
  • Edition: First large print edition.
  • Publisher: [New York, NY] : Random House Large Print, [2019]
Subject: Divorced women > Fiction.
Divorced mothers > Fiction.
Man-woman relationships > Fiction.
Empty nesters > Fiction.
Surgeons > Fiction.
Genre: Christian fiction.
Romance fiction.

Available copies

  • 0 of 1 copy available at scottsboropl.

Holds

  • 0 current holds with 1 total copy.
Show Only Available Copies
Location Call Number / Copy Notes Barcode Shelving Location Status Due Date
scottsboropl F Mac 32269001271728 Adult - Fiction Checked out 07/08/2026

LDR 04336cam a2200817 i 4500
001165337
003SBPL
00520250212121359.0
008190201t20192019nyu d 000 1 eng d
007tb
020 . ‡a9781984890658 ‡q(large print ; ‡qpaperback)
020 . ‡a1984890654 ‡q(large print ; ‡qpaperback)
020 . ‡a9781643853437 ‡q(large print : hc)
020 . ‡a1643853430
035 . ‡a(OCoLC)1107840131 ‡z(OCoLC)1281105821 ‡z(OCoLC)1302362467 ‡z(OCoLC)1417686075
05014. ‡aPS3563.A2364 ‡bW56 2019b
08204. ‡a813/.54 ‡223
1001 . ‡aMacomber, Debbie,: ‡eauthor.
24510. ‡aWindow on the bay : ‡ba novel / ‡cDebbie Macomber.
250 . ‡aFirst large print edition.
264 1. ‡a[New York, NY] : ‡bRandom House Large Print, ‡c[2019]
300 . ‡a402 pages (large print) ; ‡c24 cm
336 . ‡atext ‡btxt ‡2rdacontent
337 . ‡aunmediated ‡bn ‡2rdamedia
338 . ‡avolume ‡bnc ‡2rdacarrier
340 . ‡nlarge print ‡2rdafs
520 . ‡aJenna Boltz's life is at a crossroads. After a messy divorce nearly twenty years ago, she raised her two children on her own, juggling motherhood with her beloved job as a Seattle intensive care nurse. Now that Paul and Allie have gone to college and moved out, Jenna can't help but wonder what her future holds. Her best friend, Maureen, is excited for Jenna's newfound independence. Now is the perfect time to finally book the trip to Paris they've been dreaming of since their college days. But when it comes to life's other great adventure--dating--Jenna still isn't sure she's ready to let love in ... until an unexpected encounter begins to change her mind. When Jenna's elderly mother breaks her hip, Dr. Rowan Lancaster saves the day. Despite his silent, stoic exterior, Rowan is immediately smitten with Jenna. And even though Jenna is hesitant about becoming involved with another surgeon, she has to admit that she's more than a little intrigued. But when Jenna's children approach her with shocking news, she realizes that she needs to have faith in love and embrace the unexpected--before the life she has always dreamed of passes her by.
650 0. ‡aDivorced women ‡vFiction.
650 0. ‡aDivorced mothers ‡vFiction.
650 0. ‡aMan-woman relationships ‡vFiction.
650 0. ‡aEmpty nesters ‡vFiction.
650 0. ‡aSurgeons ‡vFiction.
655 7. ‡aChristian fiction. ‡2lcgft
655 7. ‡aRomance fiction. ‡2lcgft
901 . ‡a165337 ‡bAUTOGEN ‡c165337 ‡tbiblio

Additional Resources